Riadenie nízko nákladovej magnetickej levitácie na platforme Arduino

Guardado en:
Detalles Bibliográficos
Autor principal: Bohdal, Dominik (Autor)
Otros Autores: Bisták, Pavol (Orientador)
Formato: Manuscrito Libro
Lenguaje:eslovaco
Publicado: Bratislava : STU v Bratislave FEI, 2023
Materias:
Acceso en línea:https://opac.crzp.sk/?fn=detailBiblioFormChildWP1H2&sid=1755732D0F093F437CAB37EAC795&seo=CRZP-detail-kniha
Etiquetas: Agregar Etiqueta
Sin Etiquetas, Sea el primero en etiquetar este registro!

MARC

LEADER 00000ntm a22000003a 4500
001 stuzp94588
003 SK-STU
005 20241204151816.0
007 ta
008 150427s2015----xo-----f-mn---000-0-slo-d
040 |a STU  |b slo 
041 0 |a slo 
044 |a xo 
100 1 |a Bohdal, Dominik  |u 030400  |4 aut  |U FEI Fakulta elektrotechniky a informatiky  |T FEI Ústav automobilovej mechatroniky  |X 97967  |U E400  |Y 642  |7 97967 
242 0 1 |a Control of low-cost magnetic levitation based on the Arduino platform  |y eng 
245 1 0 |a Riadenie nízko nákladovej magnetickej levitácie na platforme Arduino 
260 |a Bratislava :  |b STU v Bratislave FEI,  |c 2023 
300 |a 82 s. 
650 4 |a Arduino  |2 slo 
650 4 |a magnetická levitácia  |2 slo 
650 4 |a MagnetoShield  |2 slo 
650 4 |a identifikácia DIPDT  |2 slo 
650 4 |a riadenie  |2 slo 
650 4 |a magnetic levitation  |2 eng 
650 4 |a identification DIPDT  |2 eng 
650 4 |a Arduino  |2 eng 
650 4 |a MagnetoShield  |2 eng 
650 4 |a control  |2 eng 
700 1 |a Bisták, Pavol  |u 030400  |k Z1  |4 ths  |U FEI Fakulta elektrotechniky a informatiky  |T FEI Ústav automobilovej mechatroniky  |X 3708  |U E400  |Y 642  |7 A000003708 
856 4 |u https://opac.crzp.sk/?fn=detailBiblioFormChildWP1H2&sid=1755732D0F093F437CAB37EAC795&seo=CRZP-detail-kniha